000 00539nam a2200193 a 4500
005 20210219153237.0
008 991125n 000 0 u
035 _aUPN01000085401
100 _aDURAN CAMPOLLO, Virginia
222 _aCOMUNICACION EDUCATIVA SEP
245 _aLecturas mexicanas : excelente literatura al alcance de todos
300 _a20-21
362 _a1984 Año 2, no. 15 oct.
653 0 _aINDUSTRIA EDITORIAL
653 0 _aLECTURAS MEXICANAS
653 0 _aLIBROS
904 _aAC
_b023212
905 _aArticulo
999 _c71882
_d71882